[Event "Perenyi Bela Memorial"]
[Site "Budapest"]
[Date "2016.01.06"]
[Round "1.1"]
[White "Palvolgyi, Istvan"]
[Black "Reznak, Attila"]
[Result "1-0"]
[WhiteElo "1913"]
[BlackElo "2337"]
[PlyCount "65"]
[EventDate "2016.01.06"]
[EventType "swiss"]
[EventRounds "9"]
[EventCountry "HUN"]

1. e4 c5 2. c3 Nf6 3. e5 Nd5 4. d4 cxd4 5. Qxd4 Nc7 6. Nf3 Nc6 7. Qe4 Ne6 8.
Bc4 g6 9. O-O Bg7 10. Re1 O-O 11. Na3 Qc7 12. Nb5 Qb8 13. Nbd4 Nexd4 14. cxd4
d6 15. e6 f5 16. Qh4 Qc7 17. Bb5 a6 18. Bxc6 bxc6 19. Bg5 Bf6 20. Bxf6 Rxf6 21.
Qh6 g5 22. Qxg5+ Kh8 23. Qh5 Qd8 24. Ng5 Qg8 25. Re3 Kg7 26. Rg3 Rg6 27. Re1
Rb8 28. d5 cxd5 29. Qf3 h6 30. Qc3+ Kf8 31. Qc7 hxg5 32. Qd8+ Kg7 33. Qxe7+ 1-0

[Event "Perenyi Bela Memorial"]
[Site "Budapest"]
[Date "2016.01.06"]
[Round "1.2"]
[White "Grimm, Daniel"]
[Black "Meszaros, Attila"]
[Result "1-0"]
[WhiteElo "2319"]
[BlackElo "1906"]
[PlyCount "65"]
[EventDate "2016.01.06"]
[EventType "swiss"]
[EventRounds "9"]
[EventCountry "HUN"]

1. e4 c6 2. d4 d5 3. exd5 cxd5 4. c4 Nf6 5. Nc3 e6 6. Nf3 g6 7. c5 Bg7 8. Bf4
O-O 9. Be2 Nc6 10. O-O Re8 11. Nb5 Re7 12. Nd6 Ne4 13. h3 b6 14. Bb5 Bd7 15.
Bxc6 Bxc6 16. b4 bxc5 17. bxc5 Nxd6 18. Bxd6 Rb7 19. Qd2 Qe8 20. Rab1 Qd7 21.
Qe3 a6 22. Rfe1 Raa7 23. Rb6 Rxb6 24. cxb6 Rb7 25. Bc7 Bb5 26. Qf4 Bf8 27. h4
h6 28. Ne5 Qe8 29. Ng4 Bg7 30. Nxh6+ Bxh6 31. Qxh6 Qf8 32. Qf4 Kh7 33. Rxe6 1-0

[Event "Perenyi Bela Memorial"]
[Site "Budapest"]
[Date "2016.01.06"]
[Round "1.3"]
[White "Ongut, Tamas Gunes"]
[Black "Nemeth, Zoltan"]
[Result "1/2-1/2"]
[WhiteElo "1904"]
[BlackElo "2299"]
[PlyCount "83"]
[EventDate "2016.01.06"]
[EventType "swiss"]
[EventRounds "9"]
[EventCountry "HUN"]

1. e4 e5 2. Nf3 Nc6 3. Bc4 Bc5 4. c3 Nf6 5. d3 d6 6. h3 h6 7. O-O O-O 8. a4 a5
9. Be3 Bxe3 10. fxe3 Be6 11. Bxe6 fxe6 12. Nbd2 d5 13. Qe2 Qd6 14. Rad1 Rad8
15. Rfe1 Rfe8 16. Qf2 dxe4 17. dxe4 Qd3 18. Qf1 Qc2 19. Qb5 Rd6 20. Rc1 Qd3 21.
Qxd3 Rxd3 22. Kf2 Red8 23. Ke2 R3d7 24. g4 g5 25. Rg1 Kg7 26. Rcd1 b6 27. Rgf1
Rd6 28. Rg1 Nd7 29. Nb3 Rxd1 30. Rxd1 Kf6 31. Rf1 Ke7 32. Nfd2 Ncb8 33. Ra1 Na6
34. Rc1 Nf6 35. Rg1 Rb8 36. Ra1 Rh8 37. Rg1 Rg8 38. Kf3 Nb8 39. Nc1 Rf8 40. Ke2
Nc6 41. Nd3 Rh8 42. Rg2 1/2-1/2

[Event "Perenyi Bela Memorial"]
[Site "Budapest"]
[Date "2016.01.06"]
[Round "1.4"]
[White "Orso, Miklos"]
[Black "Bartuszek, Andras"]
[Result "1-0"]
[WhiteElo "2283"]
[BlackElo "1881"]
[PlyCount "39"]
[EventDate "2016.01.06"]
[EventType "swiss"]
[EventRounds "9"]
[EventCountry "HUN"]

1. e4 c5 2. Nc3 a6 3. f4 b5 4. Nf3 Bb7 5. d3 g6 6. Be2 Bg7 7. O-O Nf6 8. e5 Nd5
9. Ne4 d6 10. e6 fxe6 11. Nfg5 Nc7 12. Bg4 Bc8 13. Qf3 Ra7 14. Qh3 Nc6 15. c3
h5 16. Bxe6 Nxe6 17. Nxe6 Bxe6 18. Qxe6 Qd7 19. Qxg6+ Kf8 20. Ng5 1-0

[Event "Perenyi Bela Memorial"]
[Site "Budapest"]
[Date "2016.01.06"]
[Round "1.5"]
[White "Bellan, Istvan"]
[Black "Szalanczy, Emil"]
[Result "0-1"]
[WhiteElo "1867"]
[BlackElo "2267"]
[PlyCount "78"]
[EventDate "2016.01.06"]
[EventType "swiss"]
[EventRounds "9"]
[EventCountry "HUN"]

1. e4 c5 2. Nf3 d6 3. d4 cxd4 4. Nxd4 Nf6 5. Nc3 g6 6. Be2 Bg7 7. O-O Nc6 8.
Be3 O-O 9. h3 Bd7 10. Qd2 a6 11. a4 Rc8 12. f4 Qc7 13. Nb3 Be6 14. Bf3 Bxb3 15.
cxb3 Na5 16. Ra3 e6 17. Qf2 Nd7 18. Rd1 Rfd8 19. Be2 Nc6 20. h4 Nb4 21. Rc1 Nc5
22. Qf1 Qe7 23. h5 d5 24. hxg6 d4 25. gxf7+ Kh8 26. Bf2 dxc3 27. bxc3 Nbd3 28.
Rc2 Nxf2 29. Qxf2 Nxe4 30. Qe3 Qxa3 31. Qxe4 Qxb3 32. Bd3 Rxd3 33. Qxd3 Qd5 34.
Qxd5 exd5 35. Re2 Rf8 36. Re8 h5 37. f5 Kh7 38. Re7 b6 39. Re8 Rxf7 0-1

[Event "Perenyi Bela Memorial"]
[Site "Budapest"]
[Date "2016.01.06"]
[Round "1.6"]
[White "Farago, Sandor"]
[Black "Szendeff, Miklos"]
[Result "1-0"]
[WhiteElo "2263"]
[BlackElo "1838"]
[PlyCount "113"]
[EventDate "2016.01.06"]
[EventType "swiss"]
[EventRounds "9"]
[EventCountry "HUN"]

1. e4 c6 2. d4 d5 3. e5 Bf5 4. Ne2 h5 5. Nf4 e6 6. Nxh5 c5 7. Ng3 Bg6 8. c3 Nc6
9. Bb5 Qb6 10. Qa4 Rc8 11. dxc5 Bxc5 12. O-O Nge7 13. b4 Bd4 14. cxd4 Qxd4 15.
Ne2 Qxa1 16. Nbc3 d4 17. Ba3 Qxf1+ 18. Kxf1 dxc3 19. Nxc3 O-O 20. Ne2 a6 21.
Bxc6 Nxc6 22. b5 axb5 23. Qxb5 Rfd8 24. Bd6 Ra8 25. Nc3 Ra5 26. Qxb7 Bd3+ 27.
Kg1 Nxe5 28. Qc7 Nc6 29. h4 Ra7 30. Qxc6 Ra6 31. Qf3 Raxd6 32. h5 Bc2 33. a4
Ra6 34. Qe2 Bd3 35. Qe5 Rda8 36. Qg5 Bf5 37. h6 Bg6 38. hxg7 Kxg7 39. Ne4 Kf8
40. Qc5+ Kg7 41. Qc3+ Kf8 42. Nc5 Ra5 43. g4 Bb1 44. Qb4 Kg8 45. Kh2 Bc2 46.
Nd7 Bxa4 47. Nf6+ Kg7 48. Nh5+ Kg6 49. Qe4+ Kh6 50. Qf4+ Rg5 51. Qxf7 Rxg4 52.
Nf6 Rf4 53. Qh7+ Kg5 54. Ne4+ Rxe4 55. Qxe4 Rh8+ 56. Kg3 Bd7 57. Qe5+ 1-0

[Event "Perenyi Bela Memorial"]
[Site "Budapest"]
[Date "2016.01.06"]
[Round "1.7"]
[White "Tessedik, Karoly"]
[Black "Balint, Vilmos"]
[Result "0-1"]
[WhiteElo "1830"]
[BlackElo "2261"]
[PlyCount "94"]
[EventDate "2016.01.06"]
[EventType "swiss"]
[EventRounds "9"]
[EventCountry "HUN"]

1. b3 a5 2. Bb2 a4 3. e3 e6 4. a3 axb3 5. cxb3 Nf6 6. Nf3 Be7 7. d4 b6 8. Bd3
Bb7 9. Nbd2 d5 10. O-O Ba6 11. Qe2 O-O 12. Rfc1 Bxd3 13. Qxd3 Bd6 14. Ne5 Bxe5
15. dxe5 Nfd7 16. Nf3 c5 17. a4 Nc6 18. e4 d4 19. Ba3 Ncxe5 20. Nxe5 Nxe5 21.
Qg3 Qc7 22. f4 Ng6 23. Rf1 f5 24. e5 Ne7 25. Rac1 Qa7 26. h4 Nd5 27. h5 Qf7 28.
Qh3 h6 29. Kh2 Kh7 30. Qf3 Ne3 31. Rh1 Rfd8 32. Kg1 Rd5 33. Rh3 Qa7 34. Rg3 Ng4
35. Qd3 Qa6 36. Rc4 Kh8 37. Bc1 b5 38. axb5 Qxb5 39. Ra4 Qe8 40. Ra6 Rxa6 41.
Qxa6 d3 42. Bd2 Qxh5 43. Qc8+ Kh7 44. Rh3 Qf7 45. Qa6 Qd7 46. Qc4 Qa7 47. Qc3
c4+ 0-1

[Event "Perenyi Bela Memorial"]
[Site "Budapest"]
[Date "2016.01.06"]
[Round "1.8"]
[White "Lengyel, Bela"]
[Black "Czumbel, Peter"]
[Result "1-0"]
[WhiteElo "2246"]
[BlackElo "1825"]
[PlyCount "47"]
[EventDate "2016.01.06"]
[EventType "swiss"]
[EventRounds "9"]
[EventCountry "HUN"]

1. e4 d6 2. d4 Nf6 3. Nc3 g6 4. Nf3 Bg7 5. Be2 O-O 6. O-O c6 7. a4 b6 8. h3 Qc7
9. Bf4 Nh5 10. Be3 e5 11. Qd2 Nd7 12. dxe5 dxe5 13. Rfd1 Re8 14. Ng5 Nhf6 15.
Bc4 Re7 16. Qd6 Qxd6 17. Rxd6 Bb7 18. Rad1 Rd8 19. a5 b5 20. Bb3 h6 21. Nxf7
Rxf7 22. Bxa7 Bf8 23. Rxf6 Nxf6 24. Rxd8 1-0

[Event "Perenyi Bela Memorial"]
[Site "Budapest"]
[Date "2016.01.06"]
[Round "1.10"]
[White "Halak, Miklos"]
[Black "Hegedus, Peter Dr"]
[Result "1/2-1/2"]
[WhiteElo "2220"]
[BlackElo "1810"]
[PlyCount "55"]
[EventDate "2016.01.06"]
[EventType "swiss"]
[EventRounds "9"]
[EventCountry "HUN"]

1. e4 e6 2. d4 d5 3. Nc3 Nf6 4. Bg5 Bb4 5. e5 h6 6. Bd2 Bxc3 7. Bxc3 Ne4 8. Bb4
c5 9. dxc5 Nxf2 10. Kxf2 Qh4+ 11. g3 Qxb4 12. Nf3 Qxc5+ 13. Kg2 Nc6 14. c3 Bd7
15. Qd2 O-O 16. Bd3 f6 17. Rae1 fxe5 18. Nxe5 Nxe5 19. Rxe5 Rf6 20. Rhe1 Raf8
21. R1e2 Rf1 22. R2e3 R1f6 23. b4 Qb6 24. Qe2 a6 25. a4 Qc7 26. b5 axb5 27.
axb5 b6 28. Qg4 1/2-1/2

[Event "Perenyi Bela Memorial"]
[Site "Budapest"]
[Date "2016.01.06"]
[Round "1.11"]
[White "Simonyi, Gergo"]
[Black "Koczo, Kristof"]
[Result "0-1"]
[WhiteElo "1810"]
[BlackElo "2198"]
[PlyCount "34"]
[EventDate "2016.01.06"]
[EventType "swiss"]
[EventRounds "9"]
[EventCountry "HUN"]

1. e4 c5 2. Nc3 Nc6 3. Nge2 e5 4. g3 Nf6 5. Bg2 d6 6. O-O h5 7. d3 h4 8. Bg5
hxg3 9. fxg3 Be7 10. Nd5 Nxd5 11. exd5 Bxg5 12. dxc6 Be3+ 13. Kh1 Qg5 14. Bd5
Rxh2+ 15. Kxh2 Qh5+ 16. Kg2 Bh3+ 17. Kh2 Bxf1# 0-1

[Event "Perenyi Bela Memorial"]
[Site "Budapest"]
[Date "2016.01.06"]
[Round "1.12"]
[White "Boguszlavszkij, Jevgenyij"]
[Black "Polyanszky-Tamasi, Zoltan"]
[Result "1-0"]
[WhiteElo "2193"]
[BlackElo "1793"]
[PlyCount "71"]
[EventDate "2016.01.06"]
[EventType "swiss"]
[EventRounds "9"]
[EventCountry "HUN"]

1. g3 Nf6 2. Bg2 g6 3. e4 d6 4. d4 Bg7 5. Ne2 O-O 6. O-O e5 7. c3 Nc6 8. h3 Qe7
9. d5 Na5 10. Qd3 b6 11. Be3 c5 12. dxc6 Be6 13. Na3 Rfd8 14. f4 d5 15. fxe5
Nxe4 16. Nd4 Nxg3 17. Rf3 Nf5 18. Bf4 Nxd4 19. cxd4 Bf5 20. Qb5 Be4 21. Rc3
Bxg2 22. Kxg2 Qh4 23. Rf1 g5 24. Be3 Qe4+ 25. Rf3 Rac8 26. b4 Nc4 27. Nxc4 dxc4
28. Qxc4 g4 29. hxg4 Qxg4+ 30. Rg3 Qe4+ 31. Kf2 Rc7 32. d5 Qxe5 33. Bf4 Qf5 34.
Rcf3 Qh5 35. Bxc7 Qh2+ 36. Rg2 1-0

[Event "Perenyi Bela Memorial"]
[Site "Budapest"]
[Date "2016.01.06"]
[Round "1.13"]
[White "Ablonczy, Kalman"]
[Black "Eperjesi, Laszlo Dr"]
[Result "0-1"]
[WhiteElo "1787"]
[BlackElo "2183"]
[PlyCount "46"]
[EventDate "2016.01.06"]
[EventType "swiss"]
[EventRounds "9"]
[EventCountry "HUN"]

1. e4 c6 2. d4 d5 3. exd5 cxd5 4. Nf3 Nc6 5. Bb5 Bg4 6. Bxc6+ bxc6 7. O-O Nf6
8. h3 Bh5 9. Be3 e6 10. Nbd2 Bd6 11. b3 O-O 12. c4 Ne4 13. g4 Bg6 14. Re1 f5
15. Nxe4 dxe4 16. Ne5 f4 17. Nxg6 hxg6 18. c5 Bc7 19. Bd2 Qh4 20. f3 Qg3+ 21.
Kh1 Qxh3+ 22. Kg1 Qg3+ 23. Kh1 Kf7 0-1

[Event "Perenyi Bela Memorial"]
[Site "Budapest"]
[Date "2016.01.06"]
[Round "1.14"]
[White "Grimm, Gyorgy"]
[Black "Lakat, Gyula"]
[Result "1-0"]
[WhiteElo "2183"]
[BlackElo "1768"]
[PlyCount "57"]
[EventDate "2016.01.06"]
[EventType "swiss"]
[EventRounds "9"]
[EventCountry "HUN"]

1. e4 e6 2. Nf3 c5 3. d4 cxd4 4. Nxd4 a6 5. Bd3 Nc6 6. Nf3 Qc7 7. O-O Nf6 8. c4
d6 9. Nc3 Be7 10. h3 O-O 11. Qe2 Ne5 12. Nxe5 dxe5 13. Be3 Bd7 14. Rac1 Bc6 15.
Nd5 exd5 16. cxd5 Qd7 17. dxc6 bxc6 18. Rfd1 Qb7 19. Rc4 a5 20. Rdc1 Rfc8 21.
R1c3 a4 22. Rc1 Nd7 23. Qc2 c5 24. Rxa4 Rxa4 25. Qxa4 Rd8 26. Qb5 Qc7 27. Qb3
Qa5 28. Bc4 Rf8 29. Qb7 1-0

[Event "Perenyi Bela Memorial"]
[Site "Budapest"]
[Date "2016.01.06"]
[Round "1.15"]
[White "Mihaly, Zoltan"]
[Black "Gumanny, Evgeny"]
[Result "0-1"]
[WhiteElo "1758"]
[BlackElo "2139"]
[PlyCount "87"]
[EventDate "2016.01.06"]
[EventType "swiss"]
[EventRounds "9"]
[EventCountry "HUN"]

1. c4 Nf6 2. Nc3 c5 3. g3 Nc6 4. Bg2 d6 5. e3 e6 6. Nge2 Be7 7. O-O O-O 8. b3
Rb8 9. Bb2 a6 10. d4 Qc7 11. a3 b5 12. d5 Na5 13. cxb5 axb5 14. Rc1 e5 15. b4
Nc4 16. Qc2 Nxb2 17. Qxb2 c4 18. e4 Bd7 19. f4 Ng4 20. Kh1 Qa7 21. Ng1 exf4 22.
gxf4 Ra8 23. Ra1 Bf6 24. Nf3 Qe3 25. e5 dxe5 26. fxe5 Nxe5 27. Rae1 Nd3 28.
Rxe3 Nxb2 29. Ne4 Rfe8 30. Nxf6+ gxf6 31. Rfe1 Rxe3 32. Rxe3 Nd3 33. Re7 Rd8
34. Nd4 Kf8 35. d6 Ne5 36. Be4 Ng6 37. Rxd7 Rxd7 38. Nxb5 Ne5 39. Bxh7 Ng6 40.
a4 Rxd6 41. Nxd6 c3 42. b5 c2 43. a5 c1=Q+ 44. Kg2 0-1

[Event "Perenyi Bela Memorial"]
[Site "Budapest"]
[Date "2016.01.07"]
[Round "2.1"]
[White "Trajber, Csaba Dr"]
[Black "Grimm, Daniel"]
[Result "0-1"]
[WhiteElo "2068"]
[BlackElo "2319"]
[PlyCount "116"]
[EventDate "2016.01.06"]
[EventType "swiss"]
[EventRounds "9"]
[EventCountry "HUN"]

1. e4 Nf6 2. e5 Nd5 3. Nf3 d6 4. d4 Nb6 5. Be2 g6 6. O-O Bg7 7. Bf4 O-O 8. Nc3
Nc6 9. exd6 cxd6 10. a4 a5 11. Qd2 Re8 12. Rfe1 Bg4 13. Nb5 Nb4 14. c3 N4d5 15.
Bh6 Bh8 16. Qg5 Bf5 17. Nh4 Bc2 18. Bd1 Bxd1 19. Rexd1 Qd7 20. b3 Nf6 21. c4 d5
22. c5 Ne4 23. Qe3 Nc8 24. Bf4 Na7 25. f3 Nxb5 26. fxe4 Nxd4 27. Rxd4 e5 28.
Rxd5 exf4 29. Qxf4 Qe7 30. Re1 Rac8 31. Qf2 Bc3 32. Rc1 Qxe4 33. Rd7 Qe6 34.
Rd3 Qe1+ 35. Qf1 Qxc1 36. Qxc1 Re1+ 37. Qxe1 Bxe1 38. Nf3 Bb4 39. Ne5 Bxc5+ 40.
Kf1 Rc7 41. Nd7 Be7 42. Nb6 Kg7 43. Ke2 Rc2+ 44. Kf3 Bc5 45. Nc4 b6 46. h3 h5
47. Nd2 f5 48. g4 h4 49. gxf5 gxf5 50. Kf4 Kf6 51. Nf3 Bf2 52. Rd6+ Ke7 53. Rd5
Rc3 54. Rb5 Bg3+ 55. Kxf5 Rxf3+ 56. Kg5 Bf2 57. Kg4 Rg3+ 58. Kxh4 Rxb3+ 0-1

[Event "Perenyi Bela Memorial"]
[Site "Budapest"]
[Date "2016.01.07"]
[Round "2.2"]
[White "Vass, Istvan"]
[Black "Orso, Miklos"]
[Result "0-1"]
[WhiteElo "2046"]
[BlackElo "2283"]
[PlyCount "78"]
[EventDate "2016.01.06"]
[EventType "swiss"]
[EventRounds "9"]
[EventCountry "HUN"]

1. e4 c5 2. Nf3 d6 3. d4 cxd4 4. Nxd4 Nf6 5. Nc3 a6 6. g3 h5 7. h3 e5 8. Nde2
Be6 9. Bg2 Nbd7 10. Be3 Rc8 11. Nd5 Nxd5 12. exd5 Bf5 13. c3 Be7 14. f4 Nf6 15.
O-O Qd7 16. fxe5 dxe5 17. d6 Bd8 18. Rxf5 Qxf5 19. Qa4+ Qd7 20. Qxd7+ Kxd7 21.
Bxb7 Rb8 22. Bxa6 Rxb2 23. Bc5 Bb6 24. Bxb6 Rxb6 25. Bc4 Rxd6 26. Bxf7 h4 27.
Bg6 Rd2 28. Kf1 Rb8 29. gxh4 Rbb2 30. Re1 Rxa2 31. h5 Kd6 32. Kf2 Kc5 33. Bf7
Ra7 34. Bg6 Nd5 35. Kf3 Ra6 36. Kg4 Ra4+ 37. Kg5 Kd6 38. Bf7 Nxc3 39. Ng3 Rg2
0-1

[Event "Perenyi Bela Memorial"]
[Site "Budapest"]
[Date "2016.01.07"]
[Round "2.3"]
[White "Szalanczy, Emil"]
[Black "Gasparics, Akos"]
[Result "1-0"]
[WhiteElo "2267"]
[BlackElo "2066"]
[PlyCount "103"]
[EventDate "2016.01.06"]
[EventType "swiss"]
[EventRounds "9"]
[EventCountry "HUN"]

1. e4 e6 2. d4 d5 3. Nc3 Nf6 4. e5 Nfd7 5. f4 c5 6. Nf3 Nc6 7. Be3 cxd4 8. Nxd4
Bc5 9. Qd2 O-O 10. O-O-O Nxd4 11. Bxd4 a6 12. h4 b5 13. h5 b4 14. Na4 Bxd4 15.
Qxd4 Qa5 16. b3 Bb7 17. h6 g6 18. Kb1 Bc6 19. Nb2 Qc5 20. Rh3 Rfc8 21. c3 bxc3
22. Rxc3 Qxd4 23. Rxd4 f6 24. a4 fxe5 25. fxe5 Bb7 26. Rxc8+ Rxc8 27. Nd3 a5
28. Be2 Ba6 29. Bg4 Bxd3+ 30. Rxd3 Kf7 31. Re3 Ke7 32. Be2 Rd8 33. Bb5 d4 34.
Re1 Nb6 35. Rc1 Nd5 36. Rc5 Rf8 37. Bc4 Rf5 38. Rxa5 Rxe5 39. Ra7+ Kd6 40. Bxd5
Kxd5 41. Rxh7 Re1+ 42. Kc2 Ke4 43. Rd7 Re2+ 44. Kb1 Rxg2 45. h7 Rh2 46. a5 Kd3
47. a6 Kc3 48. a7 Rh1+ 49. Ka2 Rh2+ 50. Ka3 Rh1 51. Rc7+ Kd3 52. Kb4 1-0

[Event "Perenyi Bela Memorial"]
[Site "Budapest"]
[Date "2016.01.07"]
[Round "2.5"]
[White "Balint, Vilmos"]
[Black "Mezei, Csaba"]
[Result "0-1"]
[WhiteElo "2261"]
[BlackElo "2045"]
[PlyCount "129"]
[EventDate "2016.01.06"]
[EventType "swiss"]
[EventRounds "9"]
[EventCountry "HUN"]

1. Nf3 d5 2. g3 Nc6 3. d4 Nf6 4. Bg2 h6 5. c3 Bf5 6. Qb3 Na5 7. Qa4+ c6 8. Ne5
b5 9. Qd1 Nd7 10. Nd3 e6 11. a4 a6 12. O-O Bd6 13. b3 O-O 14. Ba3 Nb6 15. Bb4
Nb7 16. a5 Nd7 17. Bxd6 Nxd6 18. Nd2 Nb7 19. b4 Nd6 20. Nb3 Qc7 21. Qc1 Rfe8
22. Ndc5 Nf6 23. f3 Nc4 24. e4 Bg6 25. e5 Nd7 26. Ra2 Kh7 27. Nxd7 Qxd7 28. Nc5
Qe7 29. Re1 Bf5 30. Bf1 Qg5 31. Qxg5 hxg5 32. g4 Bg6 33. Kf2 Rh8 34. Kg3 Kg8
35. h3 Ra7 36. Rh2 Rh6 37. Bxc4 bxc4 38. h4 gxh4+ 39. Rxh4 Kh7 40. Reh1 Rxh4
41. Kxh4 Kg8 42. Kg5 Bh7 43. f4 Be4 44. Nxe4 dxe4 45. Re1 Kf8 46. f5 Ke7 47.
f6+ Kf8 48. Rxe4 g6 49. Kf4 Kg8 50. d5 exd5 51. e6 g5+ 52. Kxg5 dxe4 53. e7 Ra8
54. Kf4 Kh7 55. Kxe4 Kg6 56. Ke5 Re8 57. Kd6 Kxf6 58. Kxc6 Rxe7 59. b5 Re6+ 60.
Kb7 axb5 61. a6 b4 62. cxb4 c3 63. a7 Re7+ 64. Kb8 Re8+ 65. Kb7 0-1

[Event "Perenyi Bela Memorial"]
[Site "Budapest"]
[Date "2016.01.07"]
[Round "2.6"]
[White "Karacsonyi, Gellert"]
[Black "Lengyel, Bela"]
[Result "1/2-1/2"]
[WhiteElo "2013"]
[BlackElo "2246"]
[PlyCount "57"]
[EventDate "2016.01.06"]
[EventType "swiss"]
[EventRounds "9"]
[EventCountry "HUN"]

1. e4 e5 2. Nf3 Nc6 3. Bb5 a6 4. Bxc6 dxc6 5. O-O f6 6. d4 exd4 7. Nxd4 c5 8.
Nb3 Qxd1 9. Rxd1 Be6 10. Bf4 Rc8 11. Nc3 b6 12. a4 Ne7 13. a5 Bxb3 14. cxb3 b5
15. Nd5 Nxd5 16. exd5 Bd6 17. Be3 c4 18. bxc4 bxc4 19. Rac1 Rb8 20. Rxc4 Rxb2
21. Rc6 Kd7 22. Rxa6 Rhb8 23. Rc6 R2b5 24. a6 Rxd5 25. Rxd5 Kxc6 26. Rd1 Ra8
27. a7 Kb5 28. Rd5+ Kc4 29. Rd1 1/2-1/2

[Event "Perenyi Bela Memorial"]
[Site "Budapest"]
[Date "2016.01.07"]
[Round "2.7"]
[White "Mihalka, Zsolt"]
[Black "Bodrogi, Mihaly"]
[Result "1/2-1/2"]
[WhiteElo "2233"]
[BlackElo "2038"]
[PlyCount "114"]
[EventDate "2016.01.06"]
[EventType "swiss"]
[EventRounds "9"]
[EventCountry "HUN"]

1. e4 c5 2. Nf3 Nc6 3. c3 e6 4. d4 d5 5. e5 Bd7 6. Bd3 a5 7. O-O Nge7 8. Na3
Ng6 9. Nc2 cxd4 10. cxd4 Be7 11. g3 Nb4 12. Nxb4 axb4 13. h4 f5 14. exf6 gxf6
15. h5 Nf8 16. Nh4 Qb6 17. Qg4 Kf7 18. Qf4 Bb5 19. Bxb5 Qxb5 20. Nf3 Rg8 21.
Re1 Ra6 22. Bd2 Bd6 23. Qh6 Qd3 24. Qe3 Qxe3 25. Rxe3 Nd7 26. Rb3 Rb6 27. Ne1
Rc8 28. Nd3 Rc4 29. Rd1 e5 30. dxe5 fxe5 31. Rc1 e4 32. Nf4 Bxf4 33. Bxf4 Rxc1+
34. Bxc1 Nc5 35. Be3 Nxb3 36. Bxb6 Nc1 37. a3 bxa3 38. bxa3 Ke6 39. f3 Nd3 40.
fxe4 dxe4 41. Kf1 Ne5 42. Kf2 Ng4+ 43. Ke2 Nf6 44. h6 Ng4 45. Be3 Kd5 46. Bf4
b5 47. Bd2 Kc4 48. Bf4 Kd5 49. Bd2 Ke5 50. Bf4+ Kf5 51. Bc1 Kg6 52. Kd2 Nxh6
53. Kc3 Nf5 54. Kb4 Nd4 55. Bb2 Nc2+ 56. Kxb5 Nxa3+ 57. Bxa3 Kf5 1/2-1/2

[Event "Perenyi Bela Memorial"]
[Site "Budapest"]
[Date "2016.01.07"]
[Round "2.8"]
[White "Koczo, Kristof"]
[Black "Rozsa, Sandor"]
[Result "1-0"]
[WhiteElo "2198"]
[BlackElo "1950"]
[PlyCount "77"]
[EventDate "2016.01.06"]
[EventType "swiss"]
[EventRounds "9"]
[EventCountry "HUN"]

1. d4 Nf6 2. c4 g6 3. Nc3 Bg7 4. e4 d6 5. h3 O-O 6. Bg5 Na6 7. Bd3 e5 8. d5 Nc5
9. Bc2 Qe8 10. g4 Nfd7 11. Qd2 Nb6 12. Nb5 Qd7 13. b3 f5 14. gxf5 gxf5 15. exf5
e4 16. f6 Bxf6 17. Bxf6 Rxf6 18. O-O-O a6 19. Nc3 Qf7 20. b4 Nd3+ 21. Bxd3 exd3
22. Ne4 Rf4 23. Qxd3 Bf5 24. Qg3+ Bg6 25. Rd4 Re8 26. f3 Kh8 27. Nxd6 Rxd4 28.
Nxf7+ Bxf7 29. Rh2 Bg6 30. Re2 Rxc4+ 31. Kd1 Rd8 32. Qe5+ Kg8 33. Qe6+ Bf7 34.
Rg2+ Kf8 35. Qh6+ Ke7 36. Re2+ Kd7 37. Qxh7 Kc8 38. Qxf7 Nxd5 39. Ke1 1-0

[Event "Perenyi Bela Memorial"]
[Site "Budapest"]
[Date "2016.01.07"]
[Round "2.9"]
[White "Csapo, Zoltan"]
[Black "Boguszlavszkij, Jevgenyij"]
[Result "0-1"]
[WhiteElo "1976"]
[BlackElo "2193"]
[PlyCount "88"]
[EventDate "2016.01.06"]
[EventType "swiss"]
[EventRounds "9"]
[EventCountry "HUN"]

1. e4 c6 2. d4 d5 3. Nd2 g6 4. g3 Bg7 5. c3 h5 6. h4 Nf6 7. e5 Ng4 8. Nh3 c5 9.
Bb5+ Bd7 10. Qe2 Nc6 11. Ng5 e6 12. Nb3 cxd4 13. Bxc6 Bxc6 14. cxd4 b6 15. Bd2
a5 16. Bc3 Qd7 17. Qd2 Bb5 18. Nc1 O-O 19. Ne2 Nh6 20. Nf4 Ba6 21. f3 Qe7 22.
Kf2 Rfd8 23. Rac1 Rac8 24. Rc2 Rc6 25. Rcc1 Rdc8 26. b3 Qc7 27. Bb2 Rc2 28.
Rxc2 Qxc2 29. Rd1 Bf8 30. a3 Qxb3 31. Rc1 Rxc1 32. Qxc1 Qc4 33. Qe1 Bb5 34. Ne2
Nf5 35. g4 Nxh4 36. gxh5 Qxe2+ 37. Qxe2 Bxe2 38. hxg6 Bd1 39. gxf7+ Kg7 40.
Nxe6+ Kxf7 41. Nc7 Bxf3 42. a4 Be4 43. Na8 Nf5 44. Nxb6 Bb4 0-1

[Event "Perenyi Bela Memorial"]
[Site "Budapest"]
[Date "2016.01.07"]
[Round "2.10"]
[White "Eperjesi, Laszlo Dr"]
[Black "Szlabey, Geza"]
[Result "0-1"]
[WhiteElo "2183"]
[BlackElo "1937"]
[PlyCount "66"]
[EventDate "2016.01.06"]
[EventType "swiss"]
[EventRounds "9"]
[EventCountry "HUN"]

1. Nf3 g6 2. d4 Bg7 3. c4 d6 4. Nc3 Nf6 5. Bg5 Nbd7 6. e3 O-O 7. Be2 h6 8. Bh4
c5 9. Qc2 Re8 10. O-O cxd4 11. Nxd4 Nf8 12. Bf3 Ng4 13. Rfd1 a6 14. Rac1 Ne5
15. Be2 Nc6 16. Nxc6 bxc6 17. Bf3 Qc7 18. Bg3 Ne6 19. Na4 Qb7 20. Bxd6 exd6 21.
Rxd6 Nd8 22. Rcd1 Bf5 23. Qd2 Qc7 24. e4 Be6 25. Nc5 Bxc4 26. b3 Be6 27. Nxe6
Nxe6 28. e5 Rad8 29. Bxc6 Rxd6 30. Qxd6 Rd8 31. Bd7 Qxd6 32. Rxd6 Bxe5 33. Rd5
Nc7 0-1

[Event "Perenyi Bela Memorial"]
[Site "Budapest"]
[Date "2016.01.07"]
[Round "2.11"]
[White "Gumanny, Evgeny"]
[Black "Letay, Gyula"]
[Result "0-1"]
[WhiteElo "2139"]
[BlackElo "1931"]
[PlyCount "78"]
[EventDate "2016.01.06"]
[EventType "swiss"]
[EventRounds "9"]
[EventCountry "HUN"]

1. d4 d5 2. c4 e6 3. Nc3 c6 4. cxd5 exd5 5. Nf3 Nf6 6. Bg5 Be7 7. e3 O-O 8. Bd3
h6 9. Bf4 Nbd7 10. h3 b6 11. Qc2 Bb7 12. O-O-O Bb4 13. Kb1 Bxc3 14. Qxc3 c5 15.
g4 c4 16. Bf5 Ne4 17. Bxe4 dxe4 18. Nd2 b5 19. Rhg1 Nb6 20. Qc2 Re8 21. g5 h5
22. g6 f6 23. Bh2 Qd5 24. Nf1 b4 25. Qe2 a5 26. Ng3 h4 27. Nh5 c3 28. Nf4 Qf5
29. Qg4 Qxg4 30. hxg4 Na4 31. b3 Nb2 32. Rc1 Nd3 33. Rc2 a4 34. bxa4 Rxa4 35.
g5 Nxf4 36. gxf6 gxf6 37. Bxf4 Ba6 38. f3 Bd3 39. fxe4 Rea8 0-1

[Event "Perenyi Bela Memorial"]
[Site "Budapest"]
[Date "2016.01.07"]
[Round "2.12"]
[White "Kovacsy, Barnabas"]
[Black "Torok, Tamas Titusz"]
[Result "1/2-1/2"]
[WhiteElo "1943"]
[BlackElo "2129"]
[PlyCount "131"]
[EventDate "2016.01.06"]
[EventType "swiss"]
[EventRounds "9"]
[EventCountry "HUN"]

1. e4 e5 2. Nf3 Nc6 3. Bb5 Nd4 4. Nxd4 exd4 5. Bc4 Nf6 6. d3 d6 7. O-O Be7 8.
Bg5 O-O 9. Bxf6 Bxf6 10. f4 Qe8 11. Nd2 a5 12. a4 Be6 13. Qf3 Qd7 14. h3 c6 15.
g4 Bxc4 16. Nxc4 Qc7 17. g5 Be7 18. Qg4 d5 19. Nd2 dxe4 20. dxe4 f6 21. g6 hxg6
22. Qxg6 Qd7 23. Rf3 f5 24. e5 Bc5 25. Kh2 Rae8 26. Rg3 Re6 27. Qh5 Qf7 28.
Qxf7+ Rxf7 29. Nc4 b5 30. Nxa5 Bb6 31. Nb3 bxa4 32. Rxa4 c5 33. Rc4 Rc7 34. Nc1
Ba5 35. Nd3 Bd2 36. Rg2 Be3 37. b4 Ra6 38. bxc5 Ra1 39. Kg3 Rf1 40. Rb4 Rc6 41.
Rb6 Rc7 42. c6 Kh7 43. Ra6 g6 44. Rb6 Kg7 45. Rb7 Rxb7 46. cxb7 Rb1 47. Nc5 d3
48. Nxd3 Rxb7 49. Kf3 Bd4 50. Re2 Kf7 51. Kg3 Ke6 52. c3 Rb3 53. cxd4 Rxd3+ 54.
Kh4 Rxd4 55. Kg5 Rd3 56. Ra2 Rg3+ 57. Kh4 Rg1 58. Rd2 Ke7 59. Rd3 Kf7 60. Rg3
Ra1 61. Kg5 Ra2 62. Kh6 Ra6 63. h4 g5+ 64. Kh5 gxf4 65. Rf3 Ke6 66. Kg5 1/2-1/2